| 000 | 00819nam a22001697a 4500 | ||
|---|---|---|---|
| 005 | 20120215123436.0 | ||
| 020 |
_a9788181463821 _c70.00 |
||
| 082 | _aक | ||
| 100 |
_aआमरा आलम _942092 |
||
| 245 |
_aझक्कड़ / _cआमरा आलम;शैलजा जैन द्वारा चित्रांकित |
||
| 260 |
_aचैन्नई _bतूलिका पब्लिशिंग _c2007 |
||
| 270 |
_a13, पृथ्वी ऐवन्यु,अभिरमपुरम _bचैन्नई _e600018 |
||
| 300 |
_aअ.पृ _bसचित्र _c20सेमी (अजिल्द) |
||
| 700 |
_aजैन, शैलजा _942026 |
||
| 942 |
_2ddc _cCH _hक _mआमरा |
||
| 999 |
_c62848 _d62848 |
||